Word Ladder: Independence Day Quiz Stats

 Plays Quiz Updated Oct 13, 2016

Challenge
Share
Tweet
Embed
Score 0/28 Timer 03:00
2 Plays Today
clue word % Correct
Month of the USA's Independence DayJULY
99.5%
A symbol of U.S. Independence: The Liberty _____BELL
91%
Farm buildingBARN
89%
Formal partyBALL
87.6%
UnclothedBARE
85.6%
Tumbled, slippedFELL
85.2%
MaizeCORN
85.1%
Trees' outer layerBARK
79.5%
Land for agricultureFARM
77.2%
Pitcher's errorBALK
76.7%
Describes old clothesWORN
76.4%
Drill a holeBORE
76.3%
USA's Independence DayFOUR
72.8%
Access between roomsDOOR
71.7%
clue word % Correct
FoundationCORE
70.7%
Shape of a thing or personFORM
69.3%
Wander aboutROAM
69%
Load, top offFILL
68.5%
Enclosed part of a buildingROOM
68.5%
Law, decreeRULE
68%
Orderly, well-behavedRULY
67.8%
BubblesFOAM
67.4%
Mild, fairWARM
65.6%
Earth, flat, tape, e.g.WORM
65.5%
Adverse destinyDOOM
63.3%
Collection of papersFILE
62.8%
Sullen, gloomyDOUR
62%
Irk, annoyRILE
57.9%

Today's Daily Dose

Missing Word
Entertainment 'M'

Word Ladder
North Carolina

On This Day
January 16th II

You're not logged in!

Compare scores with friends on all Sporcle quizzes.
OR
Log In

You Might Also Like...

Show Comments

Extras

Top Quizzes Today


Score Distribution

Your Account Isn't Verified!

In order to create a playlist on Sporcle, you need to verify the email address you used during registration. Go to your Sporcle Settings to finish the process.

Report this User

Report this user for behavior that violates our Community Guidelines.

Details: